LIBRARY & INFORMATION CENTRE, KCAET, TAVANUR

ONLINE PUBLIC ACCESS CATALOGUE (OPAC)

Environmental engineering and pollution control / (Record no. 2216)

MARC details
000 -LEADER
fixed length control field 00491cam a2200181ua 4500
003 - CONTROL NUMBER IDENTIFIER
control field OSt
008 - FIXED-LENGTH DATA ELEMENTS--GENERAL INFORMATION
fixed length control field 250823b |||||||| |||| 00| 0 eng d
082 ## - DEWEY DECIMAL CLASSIFICATION NUMBER
Classification number 628
Item number MAR/EN
100 ## - MAIN ENTRY--AUTHOR NAME
Personal name Marimuthu, V.M .
245 ## - TITLE STATEMENT
Title Environmental engineering and pollution control /
250 ## - EDITION STATEMENT
Edition statement 2 /
260 ## - PUBLICATION, DISTRIBUTION, ETC. (IMPRINT)
Place of publication :
Name of publisher Pratheeba publishers ,
Year of publication 1993.
300 ## - PHYSICAL DESCRIPTION
Number of Pages 219 ; .
700 1# - ADDED ENTRY--PERSONAL NAME
Personal name Balasubramanian, A .
700 1# - ADDED ENTRY--PERSONAL NAME
Personal name Murugesan, R .
700 1# - ADDED ENTRY--PERSONAL NAME
Personal name Padmini, S .
942 ## - ADDED ENTRY ELEMENTS (KOHA)
Koha item type Books
Holdings
Withdrawn status Lost status Damaged status Home library Current library Date acquired Full call number Accession Number Koha item type
      KAUAET KAUAET 07/04/2012 628 MAR/EN 19266 Books
free website counter